Logo

Description automatically generated
विद्यार्जन
 संसाधन केंद्र, भारतीय प्रौद्योगिकी संस्थान इन्दौर
Learning Resource Center, Indian Institute of Technology Indore

ऑनलाइन सार्वजनिक अभिगम प्रसूची
Online Public Access Catalogue (OPAC)

The anthropology of space and place : locating culture (Record no. 57334)

MARC details
000 -LEADER
fixed length control field 00701nam a2200241Ia 4500
005 - DATE AND TIME OF LATEST TRANSACTION
control field 20260629163255.0
008 - FIXED-LENGTH DATA ELEMENTS--GENERAL INFORMATION
fixed length control field 260629s9999||||xx |||||||||||||| ||und||
020 ## - INTERNATIONAL STANDARD BOOK NUMBER
International Standard Book Number 9780631228783
Qualifying information pbk
082 ## - DEWEY DECIMAL CLASSIFICATION NUMBER
Classification number 304.2
Item number LOW
100 ## - MAIN ENTRY--PERSONAL NAME
Personal name Low, Setha M. [ed.]
245 #4 - TITLE STATEMENT
Title The anthropology of space and place : locating culture
260 ## - PUBLICATION, DISTRIBUTION, ETC.
Place of publication, distribution, etc. Oxford
Name of publisher, distributor, etc. Blackwell Publishing
Date of publication, distribution, etc. 2003
300 ## - PHYSICAL DESCRIPTION
Extent ix, 422p. ; 25cm.
490 ## - SERIES STATEMENT
Series statement Blackwell research in anthropology
653 ## - INDEX TERM--UNCONTROLLED
Uncontrolled term Human geography
653 ## - INDEX TERM--UNCONTROLLED
Uncontrolled term Human territoriality
653 ## - INDEX TERM--UNCONTROLLED
Uncontrolled term Open spaces
653 ## - INDEX TERM--UNCONTROLLED
Uncontrolled term Personal space
653 ## - INDEX TERM--UNCONTROLLED
Uncontrolled term Public spaces
653 ## - INDEX TERM--UNCONTROLLED
Uncontrolled term Spatial behavior
700 ## - ADDED ENTRY--PERSONAL NAME
Personal name Lawrence-Zuniga, Denise [ed.]
942 ## - ADDED ENTRY ELEMENTS (KOHA)
Koha item type Book
Holdings
Withdrawn status Lost status Damaged status Not for loan Home library Current library Shelving location Date acquired Source of acquisition Total Checkouts Full call number Barcode Date last seen Price effective from Koha item type
        LRC, IIT Indore LRC, IIT Indore 3rd Floor - General Stack 29/06/2026 Gratis Book Price: USD 56.66   304.2 LOW G2559 29/06/2026 29/06/2026 Book
Copyright © 2017-2026 Indian Institute of Technology Indore. All Rights Reserved.
Managed & maintained by Learning Resource Center, IIT Indore